<?xml version="1.0" encoding="UTF-8"?>
<record
    xmlns:xsi="http://www.w3.org/2001/XMLSchema-instance"
    xsi:schemaLocation="http://www.loc.gov/MARC21/slim http://www.loc.gov/standards/marcxml/schema/MARC21slim.xsd"
    xmlns="http://www.loc.gov/MARC21/slim">

  <leader>02148nam a2200325 a 4500</leader>
  <controlfield tag="001">1163791</controlfield>
  <controlfield tag="003">OSt</controlfield>
  <controlfield tag="005">20230322145504.0</controlfield>
  <controlfield tag="008">080603s2007    sp     gr     0001fdspa d</controlfield>
  <datafield tag="020" ind1=" " ind2=" ">
    <subfield code="a">9788498724271</subfield>
  </datafield>
  <datafield tag="040" ind1=" " ind2=" ">
    <subfield code="c">CO-MqBPB</subfield>
  </datafield>
  <datafield tag="041" ind1="1" ind2=" ">
    <subfield code="a">spa </subfield>
  </datafield>
  <datafield tag="082" ind1="0" ind2="4">
    <subfield code="a">AN</subfield>
    <subfield code="b">KATs</subfield>
  </datafield>
  <datafield tag="100" ind1="1" ind2=" ">
    <subfield code="a">Katzenbach, John, </subfield>
    <subfield code="d">1950-</subfield>
  </datafield>
  <datafield tag="245" ind1="1" ind2="3">
    <subfield code="a">La sombra / </subfield>
    <subfield code="c">John Katzenbach ; traducci&#xF3;n de Cristina Martin, Laura Paredes y Raquel Sol&#xE1; .</subfield>
  </datafield>
  <datafield tag="260" ind1="3" ind2=" ">
    <subfield code="a">Colombia ;</subfield>
    <subfield code="b">Grupo Zeta Bolsillo , </subfield>
    <subfield code="c">2014.</subfield>
  </datafield>
  <datafield tag="300" ind1=" " ind2=" ">
    <subfield code="a">453 paginas ; </subfield>
    <subfield code="c">20 cm,</subfield>
    <subfield code="b">Tapa R&#xFA;stica.</subfield>
  </datafield>
  <datafield tag="440" ind1=" " ind2="3">
    <subfield code="a">La trama</subfield>
  </datafield>
  <datafield tag="490" ind1=" " ind2=" ">
    <subfield code="a">1a. edici&#xF3;n.</subfield>
  </datafield>
  <datafield tag="500" ind1=" " ind2=" ">
    <subfield code="a">En el Berl&#xED;n de 1943 pocos vieron su cara, y nadie supo su nombre. Entre susurros era conocido como Der Schattenmann, La Sombra, un despiadado delator jud&#xED;o que colaboraba con la Gestapo. En el Berl&#xED;n de 1943, nadie conoc&#xED;a el nombre de La Sombra. Pero ser visto por este jud&#xED;o despiadado era sin&#xF3;nimo de muerte: colaboraba con la Gestapo en la identificaci&#xF3;n y delaci&#xF3;n de otros ciudadanos jud&#xED;os para condenarlos a los campos de exterminio. En el Miami de finales del siglo XX, la deprimente vida de Simon Winter - retirado de la Brigada de Homicidios de la Polic&#xED;a- da un giro inesperado cuando su aterrorizada vecina llama a la puerta de su apartamento. Sophie, superviviente del Holocausto, cree haber visto a La Sombra. A la ma&#xF1;ana siguiente, aparece estrangulada, con los ojos desorbitados de terror. La polic&#xED;a supone que se trata de un asesinato m&#xE1;s, pero Winter sabe la terrible verdad: un escurridizo asesino est&#xE1; eliminando a los supervivientes del Holocausto que viven en Miami. Tras a&#xF1;os de retiro, Simon debe v&#xE9;rselas con un experto y s&#xE1;dico exterminador que pretende mantener su historia oculta para siempre.</subfield>
  </datafield>
  <datafield tag="534" ind1=" " ind2=" ">
    <subfield code="p">T&#xED;tulo original : </subfield>
    <subfield code="t">The shadow man.</subfield>
  </datafield>
  <datafield tag="650" ind1=" " ind2=" ">
    <subfield code="a">Novela estadounidense.</subfield>
  </datafield>
  <datafield tag="650" ind1=" " ind2=" ">
    <subfield code="a">Novela polic&#xFFFD;aca.</subfield>
    <subfield code="x">Ficci&#xF3;n , Cr&#xED;menes.</subfield>
  </datafield>
  <datafield tag="650" ind1=" " ind2=" ">
    <subfield code="a">Holocausto jud&#xFFFD;o (1939-1945)</subfield>
    <subfield code="x">Terror y Sobrenatural.</subfield>
  </datafield>
  <datafield tag="700" ind1="1" ind2=" ">
    <subfield code="a">Mart&#xFFFD;n, Cristina, </subfield>
    <subfield code="e">tr.</subfield>
  </datafield>
  <datafield tag="700" ind1="1" ind2=" ">
    <subfield code="a">Paredes, Laura, </subfield>
    <subfield code="e">tr.</subfield>
  </datafield>
  <datafield tag="700" ind1="1" ind2=" ">
    <subfield code="a">Sol&#xFFFD;, Raquel, </subfield>
    <subfield code="e">tr.</subfield>
  </datafield>
  <datafield tag="942" ind1=" " ind2=" ">
    <subfield code="2">ddc</subfield>
    <subfield code="c">BKLIT</subfield>
  </datafield>
  <datafield tag="949" ind1=" " ind2=" ">
    <subfield code="a">n       </subfield>
    <subfield code="b">n</subfield>
  </datafield>
  <datafield tag="999" ind1=" " ind2=" ">
    <subfield code="c">14855</subfield>
    <subfield code="d">14855</subfield>
  </datafield>
  <datafield tag="952" ind1=" " ind2=" ">
    <subfield code="0">0</subfield>
    <subfield code="1">0</subfield>
    <subfield code="2">ddc</subfield>
    <subfield code="4">0</subfield>
    <subfield code="7">0</subfield>
    <subfield code="8">LA</subfield>
    <subfield code="a">BPMOS</subfield>
    <subfield code="b">BPMOS</subfield>
    <subfield code="c">FIC</subfield>
    <subfield code="d">2023-03-22</subfield>
    <subfield code="e">Donaci&#xF3;n</subfield>
    <subfield code="l">6</subfield>
    <subfield code="m">2</subfield>
    <subfield code="o">AN KATs</subfield>
    <subfield code="p">MOS503084</subfield>
    <subfield code="r">2026-04-11</subfield>
    <subfield code="s">2026-03-05</subfield>
    <subfield code="t">Ej. 1</subfield>
    <subfield code="w">2023-03-22</subfield>
    <subfield code="y">BKLIT</subfield>
    <subfield code="z">Quince d&#xED;as</subfield>
  </datafield>
</record>
